000 01120cam a2200349 a 4500
999 _c7079
_d7079
001 806629
003 OSt
005 20210901144047.0
008 960620s1996 xxu|||| |||| 00||0|eng
010 _a95-20699
020 _a9780471522294 (cloth : alk. paper)
020 _a0471522295 (cloth : alk. paper)
035 _a(OCoLC)33012821
040 _aDNLM
_cDDC
041 0 _aeng
060 0 0 _aQK 603
_bA384i 1996
082 _a579.5ALE1996
100 1 _aAlexopoulos, Constantine John,
_d1907-1986.
_914573
245 1 0 _aIntroductory mycology /
_cEdited by Alexopoulos C.J. ,Mims C.W and Blackwell M.
250 _a4th ed.
260 _aNew York :
_bWiley,
_c1996.
300 _ax, 869p. :
_bill.
_c24cm
336 _atext
_btxt
_2rdacontent
337 _aunmediated
_bn
_2rdamedia
338 _avolume
_bnc
_2rdacarrier
504 _aIncludes bibliographical references, glossary and indexes.
650 1 2 _aBiology
_0https://id.nlm.nih.gov/mesh/D005658
_95602
700 1 _aMims, Charles W.
_914575
700 1 _aBlackwell, Meredith.
_914577
942 _2ddc
_cO_SHELF